Irská šaráda /

Main Author: Bateman, Colin, 1962-
Other Authors: Stuchlíková, Jarka, 1938-
Language: Czech
Published: Praha : Mladá fronta, 2003
Edition: 1. vyd.
Series: Detektivka (Mladá fronta)
Online Access: Digitalizovaný dokument
Physical Description: 308 s. ; 21 cm
Book
Saved in:
LEADER 01346nam a2200373 a 4500
001 000705592
003 CZ BrMZK
005 20190813115554.0
007 ta
008 040206s2003 xr g 000 f cze d
015 |a cnb001300994 
020 |a 80-204-1082-1  |q (váz.) 
035 |a (OCoLC)56866895 
040 |a BOA001  |b cze 
041 1 |a cze  |h eng 
072 7 |a 821.111-3  |x Anglická próza, anglicky psaná  |2 Konspekt  |9 25 
080 |a 821.111(415)-31  |2 MRF 
080 |a (0:82-312.4)  |2 MRF 
100 1 |a Bateman, Colin,  |d 1962-  |7 xx0001137  |4 aut 
245 1 0 |a Irská šaráda /  |c Colin Bateman ; přeložila Jarka Stuchlíková 
250 |a 1. vyd. 
260 |a Praha :  |b Mladá fronta,  |c 2003 
300 |a 308 s. ;  |c 21 cm 
490 1 |a Detektivka ;  |v sv. 10 
500 |a Přeloženo z angličtiny 
655 7 |a irské romány (anglicky)  |7 fd132475  |2 czenas 
655 7 |a detektivní romány  |7 fd132010  |2 czenas 
700 1 |a Stuchlíková, Jarka,  |d 1938-  |7 jn20000402306  |4 trl 
765 0 |t Divorcing Jack  |9 Česky 
830 0 |a Detektivka (Mladá fronta)  |0 s 
856 4 1 |u http://www.digitalniknihovna.cz/mzk/uuid/uuid:26e9bcb0-133e-11e4-8f64-005056827e52  |y Digitalizovaný dokument  |x NDK 
910 |a BOA001  |b 2-1129.756 
990 |a BK 
996 6 |b 2610212045  |c 2-1129.756  |l MZK  |r Sklad / do 1 hodiny  |n 0  |p p.v.  |w 000705592  |u 000010  |a 1  |e BOA001  |j MZK50  |s P